Karyatantra nirvahane mattu samsthika nadavalike (Record no. 211936)
[ view plain ]
| 000 -LEADER | |
|---|---|
| fixed length control field | 00635nam a2200169Ia 4500 |
| 008 - FIXED-LENGTH DATA ELEMENTS--GENERAL INFORMATION | |
| fixed length control field | 210719s2019 xx 000 0 und d |
| 041 ## - LANGUAGE CODE | |
| Language code of text/sound track or separate title | kan |
| 082 ## - DEWEY DECIMAL CLASSIFICATION NUMBER | |
| Classification number | 658.4012K PARK |
| 100 ## - MAIN ENTRY--PERSONAL NAME | |
| Personal name | PARSHVANATHA AJRI;UDAYA SHETTy (Ke) |
| 245 ## - TITLE STATEMENT | |
| Title | Karyatantra nirvahane mattu samsthika nadavalike |
| Remainder of title | Strategic management and organisational behaviour |
| 260 ## - PUBLICATION, DISTRIBUTION, ETC. | |
| Place of publication, distribution, etc. | Mudabidire |
| Name of publisher, distributor, etc. | Shravan Prakashan Mandir |
| Date of publication, distribution, etc. | 2019 |
| 300 ## - PHYSICAL DESCRIPTION | |
| Extent | iv,131 |
| Other physical details | PB |
| 365 ## - TRADE PRICE | |
| Price amount | 120 |
| Currency code | Rs |
| 650 ## - SUBJECT ADDED ENTRY--TOPICAL TERM | |
| Topical term or geographic name entry element | Management |
| 650 ## - SUBJECT ADDED ENTRY--TOPICAL TERM | |
| Topical term or geographic name entry element | Organisational Behaviour |
| 906 ## - LOCAL DATA ELEMENT F, LDF (RLIN) | |
| a | behaviour ; Karyatantra ; management ; mattu ; nadavalike ; nirvahane ; organisational ; samsthika ; Strategic |
| Withdrawn status | Lost status | Source of classification or shelving scheme | Damaged status | Not for loan | Collection code | Home library | Current library | Date acquired | Source of acquisition | Cost, normal purchase price | Total Checkouts | Full call number | Barcode | Date last seen | Cost, replacement price | Price effective from | Koha item type |
|---|---|---|---|---|---|---|---|---|---|---|---|---|---|---|---|---|---|
| Dewey Decimal Classification | Commerce | St Aloysius Library | St Aloysius Library | 03/03/2021 | Biblios Book Point, Surathkal-575014 | General Annual | 120.00 | 658.4012K PARK | 074750 | 07/19/2021 | 96.00 | 07/19/2021 | Book |